| 000 | 00849nam a2200301 a 4500 | ||
|---|---|---|---|
| 003 | AR-BaBNM | ||
| 005 | 20251128204235.0 | ||
| 008 | 082120s2002 ||||||||||||||000 | spa|| | ||
| 020 | _a950-25-1466-1 | ||
| 040 | _cAR-BaBNM | ||
| 100 | 1 | _aCorbière, Emilio J. | |
| 245 | 0 | 0 | _aEl marxismo de Enrique del Valle Iberlucea |
| 260 |
_aBuenos Aires _bCentro Editor de América Latina _c1987 |
||
| 300 | _a137 p. | ||
| 490 | 0 |
_aBiblioteca política Argentina _vv. 198 |
|
| 500 | _aApéndice documental en p. 109-137 | ||
| 600 | 1 | 4 | _aDel Valle Iberlucea, Enrique |
| 650 | 4 | _aHISTORIA ARGENTINA | |
| 650 | 4 | _aPOLITICA | |
| 650 | 4 | _aHISTORIA DE LAS IDEAS | |
| 650 | 4 | _aIDEOLOGIAS POLITICAS | |
| 650 | 4 | _aSOCIALISMO | |
| 650 | 4 | _aMARXISMO | |
| 650 | 4 | _aCOMUNISMO | |
| 800 | 1 |
_aTroncoso, Oscar, _edirector |
|
| 942 | _cBK | ||
| 998 | _cenrique | ||
| 999 |
_c6670 _d6670 |
||